Cálculo de estructuras por el método de Cross / (Record no. 121066)

MARC details
000 -LEADER
campo de control de longitud fija 00542nam a2200169 4500
001 - NÚMERO DE CONTROL
campo de control 121066
003 - IDENTIFICADOR DE NÚMERO DE CONTROL
campo de control ES-MaACL
005 - FECHA Y HORA DE LA ÚLTIMA TRANSACCIÓN
campo de control 20230906191659.0
007 - CAMPO FIJO DE DESCRIPCIÓN FÍSICA--INFORMACIÓN GENERAL
campo de control de longitud fija t|
008 - DATOS DE LONGITUD FIJA--INFORMACIÓN GENERAL
campo de control de longitud fija 070214s1958 sp r ||||1| spa d
100 1# - ENTRADA PRINCIPAL--NOMBRE DE PERSONA
Nombre de persona Prenzlow, C.
9 (RLIN) 93766
245 10 - MENCIÓN DEL TÍTULO
Título Cálculo de estructuras por el método de Cross /
Mención de responsabilidad, etc. C. Prenzlow ; versión de la 3ª edición alemana por Gerardo Metzger.
260 ## - PUBLICACIÓN, DISTRIBUCIÓN, ETC.
Lugar de publicación, distribución, etc. Barcelona :
Nombre del editor, distribuidor, etc. Gustavo Gili,
Fecha de publicación, distribución, etc. 1958.
300 ## - DESCRIPCIÓN FÍSICA
Extensión 172 p. :
Otras características físicas il. ;
Dimensiones 21 cm.
700 1# - ENTRADA AGREGADA--NOMBRE PERSONAL
Nombre de persona Metzger, G.
9 (RLIN) 80749
852 ## - LOCALIZACIÓN
Ubicación ES-MaACL
Número de control de estantería C-13641
Sublocalización o colección R.41475
Holdings
Estatus retirado Estado de pérdida Estado de daño No para préstamo Biblioteca de origen Biblioteca actual Ubicación en estantería Fecha de adquisición Fuente de adquisición Total de préstamos Signatura topográfica completa Código de barras Visto por última vez Precio de reemplazo Tipo de ítem Koha
        Biblioteca del Ateneo de Madrid Biblioteca del Ateneo de Madrid Sala Palomar 17/01/2008     C-13641 1126178 23/02/2023 23/02/2023 Libro impreso